| 000 | 00570cam a2200229ua 4500 | ||
|---|---|---|---|
| 001 | 11017 | ||
| 005 | 20260515114707.0 | ||
| 008 | 190731n ii |||gr||||Z||||||asm | ||
| 020 | _a9789388458283 | ||
| 040 | _cMAIN | ||
| 041 | _aasm | ||
| 082 | _a301 | ||
| 100 |
_aTapan Saikia, _eAuthor., |
||
| 245 |
_aSamajtattwa parichay _cBy Tapan Saikia |
||
| 250 | _a1st ed. | ||
| 260 |
_aGuwahati: _bStudents stores, _c2019. |
||
| 300 | _a248p. | ||
| 653 | _aSociology & anthropology | ||
| 653 | _aIntroduction to sociology | ||
| 700 |
_aArun Ray, _eAuthor. |
||
| 942 | _cBK | ||
| 999 |
_c9913 _d9913 |
||